00457nam a22001097a 4500008004100000040005500041080001400096245015000110260005800260300001000318650001900328230403b |||||||| |||| 00| 0 eng d aNational Science LibrarycNational Science Library a061.6bM9 aresearch & development funding schemes of central government departments and agencies: bGeneral Information c/ Ministry of science & Technology aNew Delhi: b/ Ministry of science & Technologyc1989 a95p.  aAtomic energy